00509 a2200145 450000500170000002000180001708200160003510000170005124500370006826000480010530000330015394200130018699900150019995201490021420250629113244.0 a9966-25-113-8 a320.96 ROD aRODNEY, W . aHow Europe Underdeveloped Africa aNairobi, bEast African Educational,c1972. axxiv, 312p.: bindex,c23cm. 2ddccBKS c6291d6291 r2025-06-29 11:34:14l0o320.96 RODpMZA0002917v90000.00w2025-06-29yBKS102ddc407000a003b003cGENd2007-07-17eLibrary Budgetg30000.00